Najmniejsze Państwa Europy - Statystyki

Ogólne statystyki
  • Ten quiz został rozwiązany 1 069 razy
  • Średni wynik to 12 z 16
Statystyki odpowiedzi
Hint Odpowiedź % Poprawnych
0,44 km² Watykan
98%
61 km² San Marino
92%
160 km² Liechtenstein
87%
2,02 km² Monako
87%
468 km² Andora
86%
2586 km² Luksemburg
84%
316 km² Malta
78%
10 887 km² Kosowo
77%
13 812 km² Czarnogóra
68%
25 713 km² Macedonia Północna
65%
28 748 km² Albania
63%
20 273 km² Słowenia
63%
30 528 km² Belgia
62%
33 843 km² Mołdawia
60%
41 526 km² Holandia
58%
6,55 km² Gibraltar
25%
Nie znaleziono quizów pasujących do podanych kryteriów
Rozkład punktacji
Procent ludzi z każdym wynikiem
Percentyl według liczby udzielonych odpowiedzi
Twoja historia wyników
Nie rozwiązałeś tego quizu